| 000 | 00825nam a22002057a 4500 | ||
|---|---|---|---|
| 999 |
_c8300 _d8300 |
||
| 003 | AR-CdUCM | ||
| 008 | 190322b ||||| |||| 00| 0 spa d | ||
| 040 |
_aMUNICIPALIDAD PROVINCIAL DEL CUSCO _cBIBLIOTECA MUNICIPAL DEL CUSCO |
||
| 041 | _heng. | ||
| 082 |
_a372.12 / _bJ43 |
||
| 100 |
_aJeangros, Erwin. _923335 |
||
| 245 | _aOrientación vocacional y profesional / | ||
| 260 |
_aBuenos Aires : _bEdit. Kapelusz, _c1959. |
||
| 300 |
_a167 paginas : _c21 cm. |
||
| 505 | _aContenido :Desarrollo histórico de la elección libre profesiones --Sobre la historia de la orientación profesional --Elementos de la orientación profesional --La tarea de orientación profesional ... | ||
| 650 |
_aOrientación profesional. _97458 |
||
| 700 |
_aMargrett, María Ruth (traductor) _923336 |
||
| 942 |
_2ddc _cLIBROS |
||
| 945 | _arjall | ||